|
|
|
|
| LEADER |
00000nab#a22000007a#4500 |
| 001 |
arbauad001135 |
| 003 |
AR-BaUAD |
| 005 |
20250711110426.0 |
| 008 |
930705|||||||||###||||||b###|0###a|spa|| |
| 040 |
|
|
|a AR-BaUAD
|c AR-BaUAD
|b spa
|
| 100 |
|
|
|a Brumfield, John
|
| 245 |
|
|
|a Paramount Pictures :
|b Charles Anderson /
|c John Brumfield;
|
| 300 |
0 |
|
|b il., fot.
|
| 653 |
|
|
|a IMAGEN CORPORATIVA
|
| 653 |
|
|
|a PARAMOUNT PICTURES
|
| 653 |
|
|
|a HOLLYWOOD
|
| 653 |
|
|
|a ESTADOS UNIDOS
|
| 653 |
|
|
|a PRODUCTOS
|
| 653 |
|
|
|a ANDERSON, CHARLES
|
| 653 |
|
|
|a DISEÑO GRAFICO
|
| 773 |
0 |
|
|t GRAPHIS
|g no. 283 [ene.-feb. 1993], p. 38-45
|
| 942 |
|
|
|c ARTI
|
| 952 |
|
|
|0 0
|1 0
|4 0
|7 0
|9 46055
|a AR-BAuAD
|b AR-BAuAD
|d 2025-07-11
|l 0
|p AAQA001135
|r 2025-07-11 11:04:26
|w 2025-07-11
|y ARTI
|
| 990 |
|
|
|a DG199
|b TD
|
| 998 |
|
|
|a AAQ
|b BIBUN76
|
| 999 |
|
|
|c 25728
|d 25728
|